[Event "Limanowa-ch 14th"]
[Site "Limanowa"]
[Date "2012.02.21"]
[Round "1"]
[White "Sukiennik, Marek"]
[Black "Slabek, Grzegorz"]
[Result "0-1"]
[WhiteElo "1974"]
[BlackElo "2038"]
[PlyCount "70"]
[EventDate "2012.02.21"]
[EventType "tourn"]
[EventRounds "9"]
[EventCountry "POL"]
[SourceTitle "EXT 2023"]
[Source "ChessBase"]
[SourceDate "2022.10.05"]
[SourceVersion "1"]
[SourceVersionDate "2022.10.05"]
[SourceQuality "1"]

1. c4 c6 2. d4 d5 3. b3 Nf6 4. Nf3 Bf5 5. e3 e6 6. Be2 a5 7. Nc3 Nbd7 8. Bb2 Ne4 9. 0-0 Bb4 10. Nxe4 Bxe4 11. Ne5 Nxe5 12. dxe5 dxc4 13. Bxc4 0-0 14. Qg4 Bf5 15. Qd4 b5 16. Be2 Qe7 17. Qb6 Be4 18. Qd4 Bg6 19. Qb6 Qd8 20. Qd4 Qc7 21. Rac1 Rfd8 22. Qg4 Rd2 23. Bc3 Bxc3 24. Rxc3 Qxe5 25. Rfc1 h5 26. Qf3 Rad8 27. Rc5 R8d5 28. Bf1 Qb2 29. Rxd5 Qxc1 30. Rxd2 Qxd2 31. Qe2 Qxe2 32. Bxe2 f5 33. Bf3 c5 34. Bc6 b4 35. Bd7 Kf7 0-1

[Event "Wisla op"]
[Site "Wisla"]
[Date "2009.05.05"]
[Round "3"]
[White "Sukiennik, Marek"]
[Black "Jelen, Janusz"]
[Result "1/2-1/2"]
[WhiteElo "2031"]
[BlackElo "1993"]
[PlyCount "30"]
[EventDate "2009.05.04"]
[EventType "swiss"]
[EventRounds "11"]
[EventCountry "POL"]
[SourceTitle "EXT 2012"]
[Source "ChessBase"]
[SourceDate "2011.11.24"]
[SourceVersion "1"]
[SourceVersionDate "2011.11.24"]
[SourceQuality "1"]

1. c4 c5 2. Nc3 g6 3. Nf3 Bg7 4. g3 Nc6 5. Bg2 Nf6 6. 0-0 0-0 7. d3 d6 8. h3 Bd7 9. Be3 e5 10. Rb1 a6 11. Kh2 Rb8 12. a3 b5 13. cxb5 axb5 14. b4 cxb4 15. axb4 d5 1/2-1/2

[Event "Podhale-ch 16th"]
[Site "Rabka Zdroj"]
[Date "2000.02.26"]
[Round "6"]
[White "Watorek, Marcin"]
[Black "Sukiennik, Marek"]
[Result "0-1"]
[WhiteElo "1800"]
[BlackElo "2138"]
[PlyCount "92"]
[EventDate "2000.02.18"]
[EventType "swiss"]
[EventRounds "9"]
[EventCountry "POL"]
[SourceTitle "EXT 2005"]
[Source "ChessBase"]
[SourceDate "2004.11.15"]
[SourceVersion "1"]
[SourceVersionDate "2004.11.15"]
[SourceQuality "1"]

1. d4 Nf6 2. Nf3 g6 3. c4 c5 4. e3 Bg7 5. Nc3 cxd4 6. Nxd4 0-0 7. g3 d6 8. Bg2 a6 9. 0-0 Nbd7 10. b3 Rb8 11. Bb2 Qa5 12. Qc2 Qh5 13. Qe2 Qh6 14. e4 Ne5 15. Bc1 Qh5 16. Qxh5 Nxh5 17. Nce2 Nf6 18. Bg5 h6 19. Bxf6 Bxf6 20. Rfd1 Bg4 21. Rac1 Rbc8 22. f3 Bd7 23. f4 Nc6 24. Nxc6 Bxc6 25. Nc3 Bxc3 26. Rxc3 Rc7 27. Rdc1 Bd7 28. Kf2 Rfc8 29. Ke3 b5 30. Bf1 b4 31. R3c2 Rc5 32. a4 bxa3 33. Ra2 Ra5 34. Rca1 Rb8 35. Rxa3 Rxb3+ 36. Rxb3 Rxa1 37. Be2 Be6 38. Rb7 Kf8 39. Rb8+ Kg7 40. Rb7 Kf6 41. e5+ dxe5 42. fxe5+ Kxe5 43. Rxe7 Ra3+ 44. Kf2 Kd4 45. Rc7 Ra2 46. Kf3 h5 0-1

[Event "POL-chT 2nd League South"]
[Site "Wisla"]
[Date "1998.??.??"]
[Round "?"]
[White "Sukiennik, Marek"]
[Black "Gola, Martin"]
[Result "0-1"]
[WhiteElo "2085"]
[BlackElo "2320"]
[PlyCount "70"]
[EventDate "1998.11.20"]
[EventType "team-swiss"]
[EventRounds "10"]
[EventCountry "POL"]
[SourceTitle "EXT 2000"]
[Source "ChessBase"]
[SourceDate "1999.11.16"]
[SourceVersion "1"]
[SourceVersionDate "1999.11.16"]
[SourceQuality "1"]

1. e4 c6 2. d4 d5 3. exd5 cxd5 4. c4 Nf6 5. Nc3 e6 6. Nf3 Bb4 7. Be2 Nc6 8. 0-0 0-0 9. Bf4 dxc4 10. Bxc4 Ne7 11. Rc1 Ned5 12. Bg3 a6 13. Qb3 Bxc3 14. bxc3 b5 15. Bd3 Bd7 16. Bd6 Re8 17. Ne5 Nf4 18. Nxf7 Kxf7 19. Bxf4 Nd5 20. Bg3 h5 21. c4 bxc4 22. Bxc4 h4 23. Bxd5 exd5 24. Qxd5+ Be6 25. Qb7+ Kg8 26. Be5 Re7 27. Qc6 h3 28. Rfd1 Rc8 29. Qxa6 Rxc1 30. Rxc1 Qd5 31. gxh3 Qf3 32. Rc8+ Kh7 33. Qa8 Bd5 34. Rh8+ Kg6 35. Qa6+ Re6 0-1

[Event "Krynica op-A"]
[Site "Krynica"]
[Date "1998.??.??"]
[Round "?"]
[White "Sukiennik, Marek"]
[Black "Orzechowski, Jacek"]
[Result "0-1"]
[WhiteElo "2105"]
[BlackElo "2300"]
[PlyCount "72"]
[EventDate "1998.??.??"]
[EventType "swiss"]
[EventRounds "11"]
[EventCountry "POL"]
[SourceTitle "EXT 2002"]
[Source "ChessBase"]
[SourceDate "2001.11.25"]
[SourceVersion "1"]
[SourceVersionDate "2001.11.25"]
[SourceQuality "1"]

1. e4 e6 2. d4 d5 3. e5 c5 4. c3 Qb6 5. a3 a5 6. a4 Nc6 7. Nf3 cxd4 8. cxd4 Nge7 9. Nc3 Nf5 10. Bb5 Bd7 11. Be3 Be7 12. 0-0 0-0 13. g4 Nxe3 14. fxe3 f6 15. exf6 Bxf6 16. g5 Be7 17. Rf2 Be8 18. Qf1 Nb4 19. h4 Bd6 20. Qh3 Rf5 21. Raf1 Bxb5 22. Nxb5 Raf8 23. Nxd6 Qxd6 24. Ne5 Rxf2 25. Rxf2 Rxf2 26. Kxf2 Nc6 27. Nd3 Ne7 28. h5 Nf5 29. Kf3 Qa6 30. Nf4 Qb6 31. Kg4 Qc6 32. Kf3 Ne7 33. h6 e5 34. dxe5 Ng6 35. Ne6 Nxe5+ 36. Kf4 Nd3+ 0-1

[Event "POL-chT 2nd League South"]
[Site "Wisla"]
[Date "1998.??.??"]
[Round "?"]
[White "Sukiennik, Marek"]
[Black "Zowada, Kazimierz"]
[Result "0-1"]
[WhiteElo "2085"]
[BlackElo "2230"]
[PlyCount "58"]
[EventDate "1998.11.20"]
[EventType "team-swiss"]
[EventRounds "10"]
[EventCountry "POL"]
[SourceTitle "EXT 2000"]
[Source "ChessBase"]
[SourceDate "1999.11.16"]
[SourceVersion "1"]
[SourceVersionDate "1999.11.16"]
[SourceQuality "1"]

1. e4 g6 2. d4 Bg7 3. c4 d6 4. Nc3 Nf6 5. Nf3 0-0 6. Be2 e5 7. 0-0 Nc6 8. d5 Ne7 9. Ne1 Nd7 10. Be3 f5 11. f3 Nf6 12. Nd3 f4 13. Bf2 g5 14. c5 h5 15. Rc1 Rf7 16. Nb5 Ng6 17. cxd6 cxd6 18. Qc2 Ne8 19. a4 g4 20. Nxa7 g3 21. Nxc8 gxf2+ 22. Nxf2 Rc7 23. Qb3 Raxc8 24. Rxc7 Rxc7 25. Qb6 Nh4 26. Nh3 Bf6 27. Bb5 Kf8 28. Qf2 Qc8 29. Rd1 Rg7 0-1